00730nam a2200121Ia 4500008004100000082002300041100000900064245016400073260003700237365000600274630016400280730016400444100415s9999 xx 000 0 und d b13849a614.7(5479) aANON aEnvironment Management Plan : Volume Two : Annexures (Revised): Steel Authority of India Limited Raw Material Division : Bokaro Zone - Kuteshwar Limestone Mine aNAGPURc1994bMINSERVICES NAGPUR b0 aEnvironment Management Plan : Volume Two : Annexures (Revised): Steel Authority of India Limited Raw Material Division : Bokaro Zone - Kuteshwar Limestone Mine aEnvironment Management Plan : Volume Two : Annexures (Revised): Steel Authority of India Limited Raw Material Division : Bokaro Zone - Kuteshwar Limestone Mine